Biblioteca ESET

El ojo de la Patria (Registro nro. 613)

Detalles MARC
000 -CABECERA
fixed length control field 00538nam a2200205Ia 4500
008 - ELEMENTOS DE LONGITUD FIJA-INFORMACION GENERAL
fixed length control field 221202s9999 xx 000 0 und d
020 ## - NUMERO INTERNACIONAL NORMALIZADO PARA LIBROS
Número Internacional Normalizado del libro 9500708108
040 ## - FUENTE DE CATALOGACION
Agencia de catalogación original AR-BeUNQ
Idioma de catalogación ESPAÑOL
Convenciones de la descripción aacr
100 ## - ASIENTO PRINCIPAL-NOMBRE PERSONAL
Nombre personal Soriano, Osvaldo
245 #0 - MENCION DE TITULO
Título El ojo de la Patria
250 ## - MENCION DE EDICION
Mención de edición 1a ed.
260 ## - PUBLICACION, DISTRIBUCION, ETC.
Lugar de publicación, distribución, etc. Buenos Aires
Nombre del editor, distribuidor, etc. Sudamericana
Fecha de publicación, distribución, etc 1992
300 ## - DESCRIPCION FISICA
Extensión 286 p. ;
Dimensiones 14 x 21 cm
490 ## - MENCION DE SERIE
Mención de serie Narrativas Argentinas
546 ## - NOTA DE IDIOMA
Nota de idioma Español
653 ## - TERMINO DE INDIZACION - NO CONTROLADO
Término de indización no controlado Narrativa Argentina
653 ## - TERMINO DE INDIZACION - NO CONTROLADO
Término de indización no controlado Novela
929 ## - DATOS DE ADQUISICION
Proveedor Gercich, Marina
Fecha de recibido 2022
Procedencia DONACION
942 ## - ELEMENTOS DE PUNTO DE ACCESO ADICIONAL (KOHA)
Tipo de ítem Koha Libros
Suppress in OPAC 0
Existencias
Estado de retiro Estado de pérdida Fecha de ingreso Total Checkouts Signatura topográfica completa Inventario Date last seen Tipo de ítem Koha
    02/12/2022   863 SOR 59759 02/12/2022 Libros

ESET UNQ

☏ 4365-7188
 Avenida República de Francia 1714 entre Doctor Kenny y Concordia, Ezpeleta, Bs As.
✉ secretaria_eset@unq.edu.ar

Con tecnología Koha